Statistics for Hall of Fame QBs with no Superbowl rings

Click here to take the quiz!

General Stats

  • This quiz has been taken 22 times
  • The average score is 4 of 7

Answer Stats

CareerQB% Correct
1983-1999Dan Marino
91%
1961-1978Fran Tarkenton
64%
1984-2000Warren Moon
64%
1986-1996Jim Kelly
59%
1973-1987Dan Fouts
55%
1957-1974Sonny Jurgensen
36%
1949-1975George Blanda
27%

Score Distribution

Percentile by Number Answered

Percent of People with Each Score

Your Score History

You have not taken this quiz